SNL Celebrity Jeopardy Responses Quiz Stats

 Plays Quiz Updated Mar 12, 2020

     
Support Sporcle.
Go Orange.
Score 0/30 Timer 08:00
0 Plays Today
Category: Answer Response % Correct
Animal Sounds: This is the sound a doggy makes.Moo
49%
Batman or Robin: Is this Batman or Robin? (picture of Batman)That's Robin.
39%
Months that Start with 'Feb': This is the only month that starts with 'Feb.'Febtober
33.6%
Colors that End in 'Urple': This color ends in 'urple.'What is light urple?
29.8%
Words that Rhyme with Dog: It's been a 'Hard Days Night' I should be sleeping like a 'this.'I'm Batman.
27%
How Many Fingers Am I Holding Up: How many fingers am I holding up on this hand? (3)Minnie says you're holding up seven!
22.4%
Household Objects: You usually drink water out of one of these.A toilet
22.2%
Condiments: This condiment is made from mustard seeds.The answer of course is onions.
18.7%
States That End in 'Hampshire': This is the only state ending in Hampshire.South Hampshire
18.6%
Animal Sounds: This is the sound a doggy makes.Who is Scooby-Doo?
16.7%
Foreign FlicksUrsula Andress, Catherine Deneuve, and Charo twice.
16.1%
Famous Titles: This movie title is taken from the name of the book 'Gone with the Wind.'Dolly Parton
15.4%
Household Objects: You usually drink water out of one of these.A leather glove
14.4%
'S' words: Popeye is this sort of man.Sabre
12.7%
Words that Rhyme with Dog: It's been a 'Hard Days Night' I should be sleeping like a 'this.'I think my buzzer's broken
12.6%
Category: Answer Response % Correct
'S' words: Popeye is this sort of man.What is Popeye?
11.3%
Famous 'Roberts': This was John F. Kennedy's younger brother.Teddy ... Who is Teddy? ... What is Teddy?
10.9%
Months that Start with 'Feb': This is the only month that starts with 'Feb.'What is Febturday?
10.9%
An Album Cover: The Beatles White Album is this color.Who are the Beatles? ... No I'm asking you, who are the Beatles? I've never heard of them.
10.7%
Colors that End in 'Urple': This color ends in 'urple.'Who is Jaleel White?
9.5%
Batman or Robin: Is this Batman or Robin? (picture of Batman)Who is Robin?
8.8%
Members of Simon and Garfunkel: Of Simon and Garfunkel the one that is not Garfunkel.I Garfunkeled your mother.
8.4%
Batman or Robin: Is this Batman or Robin? (picture of Batman)What is Robin?
8.4%
How Many Fingers Am I Holding Up: How many fingers am I holding up on this hand? (3)I've got a finger for you, Trebek.
7.5%
Famous Chinamen (not a category)Who is Pat Morita?
7.4%
States That End in 'Hampshire': This is the only state ending in Hampshire.Hampshire, England
7.4%
Show and Tell: I'll just show you an object and you tell me what it is. (a hammer)It's a man with a moustache.
7.3%
Colors: Name this color. (red)Yeah it's a rectangle.
6.3%
Drummers Named Ringo: This Ringo was the 'Starr' drummer for the Beatles.I'm so terribly lonely.
3.9%
Drummers Named Ringo: This Ringo was the 'Starr' drummer for the Beatles.Craven Morehead
3.4%

From the Vault

Movie Titles With a Little Help from The Beatles

by SporcleEXP

Movies 8m
This quiz is where cinephiles and Beatlemaniacs unite.
Remove Ads.
Support Sporcle.
Get the best of Sporcle when you Go Orange. This ad-free experience offers more features, more stats, and more fun while also helping to support Sporcle. Thank you for becoming a member.

Show Comments

Extras

Top Quizzes Today


Score Distribution

Your Account Isn't Verified!

In order to create a playlist on Sporcle, you need to verify the email address you used during registration. Go to your Sporcle Settings to finish the process.

Report this User

Report this user for behavior that violates our Community Guidelines.

Details: